An Introduction to the Heritage Buildings of KUALA LUMPUR / (Record no. 204217)

MARC details
000 -LEADER
fixed length control field 00745nam a2200217 i 4500
005 - DATE AND TIME OF LATEST TRANSACTION
control field 20260513112511.0
008 - FIXED-LENGTH DATA ELEMENTS--GENERAL INFORMATION
fixed length control field 260513b my ||||| |||| 00| 0 may d
020 ## - INTERNATIONAL STANDARD BOOK NUMBER
International Standard Book Number 9786297646237
Terms of availability 69.90
Qualifying information paperback
040 ## - CATALOGING SOURCE
Original cataloging agency PPAK
Language of cataloging eng
Transcribing agency PPAK
Description conventions rda
082 04 - DEWEY DECIMAL CLASSIFICATION NUMBER
Edition number 23
Classification number 720.9595116
090 00 - LOCALLY ASSIGNED LC-TYPE CALL NUMBER (OCLC); LOCAL CALL NUMBER (RLIN)
Classification number (OCLC) (R) ; Classification number, CALL (RLIN) (NR) 720.9595116
Feature heading GEO
Feature heading G
100 1# - MAIN ENTRY--PERSONAL NAME
Personal name Gray, George T.,
Relator term author.
245 12 - TITLE STATEMENT
Title An Introduction to the Heritage Buildings of KUALA LUMPUR /
Statement of responsibility, etc. George T Gray.
264 #1 - PRODUCTION, PUBLICATION, DISTRIBUTION, MANUFACTURE, AND COPYRIGHT NOTICE
Place of production, publication, distribution, manufacture Bandar Sunway, Selangor :
Name of producer, publisher, distributor, manufacturer Sunway University Press,
Date of production, publication, distribution, manufacture, or copyright notice 2025.
Place of production, publication, distribution, manufacture ©2025.
300 ## - PHYSICAL DESCRIPTION
Extent xi, 170 pages :
Other physical details maps,photographs ;
Dimensions 23cm
336 ## - CONTENT TYPE
Content type term text
Source rdacontent
337 ## - MEDIA TYPE
Media type term unmediated
Source rdamedia
338 ## - CARRIER TYPE
Carrier type term volume
Source rdacarrier
942 ## - ADDED ENTRY ELEMENTS (KOHA)
Source of classification or shelving scheme Dewey Decimal Classification
Koha item type Book

No items available.